000 00638nam a22001935i 4500
001 156290
003 ES-MaACL
005 20230906210354.0
008 040730s1868 gw |||| | eng d
040 _aCAM
_bspa
_cCAM
100 1 _aJenkin, Henrietta Camilla.
_9128293
245 1 0 _aTwo french marriages /
_cby C. Jenkin.
260 _aLeipzig :
_bBernhard Tauchnitz,
_c1868.
300 _a2 v. (299; 296 p.) ;
_c16 cm.
490 1 _aCollection of british authors ;
_v991; 992
830 0 _aCollection of british authors ;
_v991; 992
_9180703
852 _aES-MaACL
_jG-11623
_z-- Enc. hol.
_z-- 2 t. en 1 v.
999 _c156290
_d156290